000 01424nam a2200253Ia 4500
999 _c39630
_d39630
001 6230
003 GE_BSU
005 20190624200350.0
008 181216s1961|||| |||||||||||||| ||geo||
041 _ageo
080 _a621.313.(075.8) ვ-53
100 _aვინოგრადოვი, ნ.ვ.
_92854
245 _aელექტრული მანქანების დაპროექტება.ნაწ.1 : /
_cნ.ვ.ვინოგრადოვი ; ფ.ა. გორიანოვი ; პ.ს.სერგეევი ; რედ : მ.ა.ჯიბუტი ; მთარგმნ. შ.ა.გუგუშვილი ; დ.მ.ლოლაძე .
264 _aთბილისი :
_bსაქ. სსრ სახ. მეურნ.საბჭოს სამეურნ. სამმართველოს სტ,
_c1961.
300 _a435 გვ .:
_bცხრ.
_c23 სმ.
653 _aელექტრული მანქანები
653 _aტექწნიკა
700 _a გორიანოვი,ფ.ა
_92855
700 _aსერგეევი,პ.ს.
_92856
700 _aჯიბუტი, მ.ა.
_eრედაქტორი
_92857
700 _aგუგუშვილი, შ.ა.
_eმთარგმნელი
_92858
700 _aლოლაძე, დ.მ.
_eმთარგმნელი
_92859
942 _cBK
_2udc